[Event "4NCL 2017-18"]
[Site "England ENG"]
[Date "2018.03.17"]
[Round "7.13"]
[White "Carleton, John J"]
[Black "Edouard, Romain"]
[Result "0-1"]
[BlackTitle "GM"]
[WhiteElo "2258"]
[BlackElo "2621"]
[WhiteTeam "Spirit of Atticus"]
[BlackTeam "Guildford"]
[WhiteFideId "401013"]
[BlackFideId "633429"]
[EventDate "2017.11.11"]

1. d4 Nf6 2. c4 b6 3. Nc3 Bb7 4. Qc2 d5 5. Nf3 e6 6. cxd5 Nxd5 7. e4 Nxc3 8.
bxc3 Be7 9. Bd3 O-O 10. h4 c5 11. e5 h6 12. Bh7+ Kh8 13. Ng5 cxd4 14. cxd4 Qxd4
15. Bb2 Qg4 16. Be4 Rc8 17. Qd1 Qxd1+ 18. Kxd1 Bxe4 19. Nxe4 Na6 20. Rh3 Nc5 21.
Re3 Na4 22. Rb1 Rc4 23. Nd6 Bxd6 24. exd6 Rd8 25. Rd3 Nc5 0-1

[Event "4NCL 2017-18"]
[Site "England ENG"]
[Date "2018.03.17"]
[Round "7.14"]
[White "Lagarde, Maxime"]
[Black "House, Glenn L"]
[Result "1-0"]
[WhiteTitle "GM"]
[BlackTitle "FM"]
[WhiteElo "2604"]
[BlackElo "2199"]
[WhiteTeam "Guildford"]
[BlackTeam "Spirit of Atticus"]
[WhiteFideId "662399"]
[BlackFideId "406228"]
[EventDate "2017.11.11"]

1. e4 c5 2. Nf3 e6 3. c3 d5 4. e5 d4 5. Bd3 Bd7 6. Qe2 Bc6 7. Be4 Ne7 8. d3 Bxe4
9. Qxe4 Nbc6 10. c4 Qd7 11. h4 O-O-O 12. a3 f5 13. Qe2 Kb8 14. Ng5 Ng8 15. Nd2
h6 16. Nh3 g5 17. f4 gxh4 18. Nf3 Qg7 19. Nxh4 Nge7 20. Bd2 Ng6 21. Nf3 Be7 22.
Nf2 Nf8 23. Rb1 a5 24. Qd1 Kc7 25. Ke2 Nd7 26. Qa4 Ra8 27. Rbg1 h5 28. Nh3 b6
29. Nhg5 Qg6 30. Rh3 Bxg5 31. Nxg5 Rae8 32. Rgh1 Reg8 33. Kf1 Rb8 34. Qd1 Ncxe5
35. fxe5 f4 36. Rxh5 Rxh5 37. Qxh5 Qxd3+ 38. Qe2 Qb1+ 39. Qe1 Qd3+ 40. Kg1 Qxc4
41. Rh7 f3 42. Re7 Rg8 43. Qe4 fxg2 44. Rxd7+ Kxd7 45. Qb7+ 1-0

[Event "4NCL 2017-18"]
[Site "England ENG"]
[Date "2018.03.17"]
[Round "7.15"]
[White "Jackson, Sheila"]
[Black "Pert, Nicholas"]
[Result "0-1"]
[WhiteTitle "WGM"]
[BlackTitle "GM"]
[WhiteElo "2098"]
[BlackElo "2543"]
[WhiteTeam "Spirit of Atticus"]
[BlackTeam "Guildford"]
[WhiteFideId "402508"]
[BlackFideId "403989"]
[EventDate "2017.11.11"]

1. e4 c5 2. c3 d5 3. exd5 Nf6 4. d4 Nxd5 5. Nf3 e6 6. Be2 cxd4 7. cxd4 Bb4+ 8.
Bd2 Bxd2+ 9. Qxd2 Nc6 10. Nc3 O-O 11. O-O Nce7 12. Rac1 b6 13. Nxd5 Nxd5 14. Ne5
Bb7 15. Bf3 Qd6 16. a3 Rad8 17. Rfd1 Rfe8 18. h4 f6 19. Nc4 Qd7 20. g3 Ne7 21.
Bxb7 Qxb7 22. Ne3 Rd7 23. Rc3 Red8 24. Rd3 Qe4 25. Qc3 Kf7 26. Qc4 Rd6 27. f4 h6
28. Kf2 Nc6 29. d5 Qxc4 30. Nxc4 Rxd5 31. Rxd5 exd5 32. Ne3 d4 33. Nc2 f5 34. h5
Ke6 35. Ke2 Kd5 36. Kd3 Re8 37. b4 Re4 38. b5 Na5 39. Rc1 Kd6 40. Rb1 Nb7 41.
Nxd4 Nc5+ 42. Kc4 Ke7 43. Kd5 Kf6 44. Rg1 Re3 45. g4 fxg4 46. Rxg4 Rxa3 47. Rg6+
Kf7 48. Nc6 Rh3 49. Ne5+ Kg8 50. f5 Rxh5 51. f6 Nd3 52. Rxg7+ Kf8 53. Rxa7 Rxe5+
54. Kd4 Rxb5 55. Kxd3 Rf5 56. Ke4 Rxf6 57. Rb7 Ke8 58. Ke5 Rg6 59. Kf5 Rc6 60.
Ke5 Kd8 61. Kd5 Rg6 62. Rh7 Kc8 63. Kc4 Rd6 64. Kb5 Kd8 65. Kc4 Ke8 0-1

[Event "4NCL 2017-18"]
[Site "England ENG"]
[Date "2018.03.17"]
[Round "7.16"]
[White "Le Roux, Jean-Pierre"]
[Black "Phillips, David A"]
[Result "1-0"]
[WhiteTitle "GM"]
[WhiteElo "2557"]
[BlackElo "2029"]
[WhiteTeam "Guildford"]
[BlackTeam "Spirit of Atticus"]
[WhiteFideId "609404"]
[BlackFideId "445550"]
[EventDate "2017.11.11"]

1. Nf3 Nf6 2. d4 g6 3. g3 Bg7 4. Bg2 O-O 5. O-O d5 6. c3 b6 7. c4 c6 8. Ne5 Bb7
9. Nc3 Nbd7 10. a4 e6 11. a5 bxa5 12. Bg5 h6 13. Nxd7 hxg5 14. Nxf8 Bxf8 15. c5
Ba6 16. Qa4 Qc7 17. Qxa5 Qxa5 18. Rxa5 Bc4 19. Rb1 Bb3 20. Ra6 Rc8 21. Rxa7 g4
22. Rb7 Bc2 23. Ra1 e5 24. dxe5 Ne8 25. Rc1 Bf5 26. e4 dxe4 27. Nxe4 1-0

[Event "4NCL 2017-18"]
[Site "England ENG"]
[Date "2018.03.17"]
[Round "7.17"]
[White "Ackley, Peter J E"]
[Black "Hebden, Mark L"]
[Result "0-1"]
[BlackTitle "GM"]
[WhiteElo "2017"]
[BlackElo "2458"]
[WhiteTeam "Spirit of Atticus"]
[BlackTeam "Guildford"]
[WhiteFideId "414824"]
[BlackFideId "400084"]
[EventDate "2017.11.11"]

1. g3 d5 2. Bg2 e5 3. c4 d4 4. d3 Nc6 5. Nf3 Bb4+ 6. Bd2 a5 7. Na3 Nf6 8. Nc2
Bxd2+ 9. Nxd2 Bf5 10. a3 Qd7 11. b4 Bh3 12. Bf3 O-O 13. Nb3 axb4 14. axb4 Qe7
15. Bxc6 bxc6 16. f3 Nd7 17. Kf2 f5 18. Rxa8 Rxa8 19. Qd2 f4 20. Ra1 Rf8 21. Ra6
Qf6 22. b5 Nb8 23. Ra8 cxb5 24. cxb5 Be6 25. Nc5 Bd5 26. Rxb8 Rxb8 27. Nd7 Qh6
28. Kg2 Rxb5 29. Nxe5 Be6 30. Qxf4 Qh3+ 31. Kf2 Qxh2+ 32. Ke1 Qg1+ 33. Kd2 Rb1
34. Qxd4 Qc1+ 0-1

[Event "4NCL 2017-18"]
[Site "England ENG"]
[Date "2018.03.17"]
[Round "7.21"]
[White "Richardson, John R"]
[Black "Gordon, Stephen J"]
[Result "1/2-1/2"]
[WhiteTitle "FM"]
[BlackTitle "GM"]
[WhiteElo "2229"]
[BlackElo "2529"]
[WhiteTeam "The ADs"]
[BlackTeam "3Cs"]
[WhiteFideId "401617"]
[BlackFideId "411477"]
[EventDate "2017.11.11"]

1. d4 Nf6 2. c4 e6 3. Nc3 Bb4 4. e3 O-O 5. Ne2 Re8 6. g3 d5 7. Bg2 c6 8. Qb3 Bf8
9. O-O Nbd7 10. Rd1 Nb6 11. c5 Nbd7 12. e4 Nxe4 13. Nxe4 dxe4 14. Nc3 f5 15. f3
exf3 16. Bxf3 Kh8 17. Bf4 Qf6 18. Rd2 e5 19. Re1 e4 20. Bg2 Qg6 21. Bf1 Be7 22.
Bc4 Rf8 23. a4 Bg5 24. Ne2 Nf6 25. d5 Nh5 26. Qe3 Nxf4 27. Nxf4 Qe8 28. dxc6
Qxc6 29. Rd6 Bxf4 30. gxf4 Qxa4 31. b3 Qb4 32. Red1 b5 33. cxb6 axb6 34. Rxb6
Qe7 35. Rbd6 Qh4 36. Qg3 Qe7 37. Qe3 Qh4 38. Qg3 Qe7 39. Qe3 Qh4 40. Qg3 1/2-1/2

[Event "4NCL 2017-18"]
[Site "England ENG"]
[Date "2018.03.17"]
[Round "7.22"]
[White "Libiszewski, Fabien"]
[Black "Duggan, John E"]
[Result "1-0"]
[WhiteTitle "GM"]
[WhiteElo "2504"]
[BlackElo "2118"]
[WhiteTeam "3Cs"]
[BlackTeam "The ADs"]
[WhiteFideId "616834"]
[BlackFideId "423726"]
[EventDate "2017.11.11"]

1. Nf3 Nf6 2. c4 e6 3. g3 d5 4. Bg2 dxc4 5. Qa4+ c6 6. Qxc4 b5 7. Qc2 Bb7 8. Nc3
a6 9. a4 Nbd7 10. O-O Rc8 11. d3 Be7 12. e4 O-O 13. Rd1 b4 14. Nb1 a5 15. Nbd2
Ba6 16. Nc4 c5 17. Be3 Nb8 18. Nfe5 Nfd7 19. Nxd7 Nxd7 20. f4 Nb8 21. Qf2 Qc7
22. Rac1 Rfd8 23. e5 Nd7 24. b3 Bxc4 25. dxc4 Nb8 26. Be4 g6 27. Qf3 Rxd1+ 28.
Rxd1 Rd8 29. Rf1 f5 30. exf6 Bxf6 31. Qg4 Qe7 32. Re1 Bc3 33. Re2 Nd7 34. Bf3
Nf8 35. Bf2 Qd6 36. Kg2 Bf6 37. Be4 Kg7 38. h4 h5 39. Qf3 Bd4 40. Be1 Nh7 41.
Qd3 Nf8 42. Bf3 Bf6 43. Qe3 Bd4 44. Qe4 Rd7 45. Qa8 Qc7 46. Bd2 Qd8 47. Qe4 Qf6
48. Qc6 Qd8 49. f5 exf5 50. Bg5 Qc7 51. Qa8 Be5 52. Bd5 Qd6 53. Qe8 Bf6 54. Bf4
Qb6 55. Re6 Qd8 56. Qxd8 Bxd8 57. Be5+ Kh7 58. Re8 Be7 59. Kf3 g5 60. Bc6 g4+
61. Ke2 1-0

[Event "4NCL 2017-18"]
[Site "England ENG"]
[Date "2018.03.17"]
[Round "7.23"]
[White "Snape, Ian L"]
[Black "Abbas, Daniel"]
[Result "0-1"]
[BlackTitle "FM"]
[WhiteElo "2155"]
[BlackElo "2299"]
[WhiteTeam "The ADs"]
[BlackTeam "3Cs"]
[WhiteFideId "404489"]
[BlackFideId "423831"]
[EventDate "2017.11.11"]

1. e4 c5 2. Nf3 e6 3. d4 cxd4 4. Nxd4 a6 5. Bd3 Nf6 6. O-O Qc7 7. Qe2 d6 8. c4
g6 9. Nc3 Bg7 10. h3 O-O 11. Nf3 Nc6 12. Be3 Nd7 13. Rac1 b6 14. Rfd1 Bb7 15.
Bb1 Nce5 16. Nd2 Nf6 17. f4 Ned7 18. Qf2 Rac8 19. b3 Nh5 20. Nf3 Rfd8 21. f5 Re8
22. Rf1 exf5 23. Nd5 Qd8 24. exf5 Bxd5 25. cxd5 Rxc1 26. Bxc1 Nhf6 27. fxg6 hxg6
28. Ng5 Qc7 29. Be3 Qb7 30. Rd1 Ne5 31. Qd2 b5 32. Bf4 Nh5 33. Be3 Nf6 34. Bf4
Qb6+ 35. Be3 Nf3+ 36. Nxf3 Rxe3 37. Kh2 Qa7 38. Qf2 Qe7 39. Rd2 Nh5 40. Rc2 Be5+
41. Kg1 Bf4 42. g4 Rxf3 43. Qxf3 Qe1+ 44. Kg2 Be3 45. Rf2 Nf4+ 46. Kg3 Qg1+ 47.
Rg2 Nxg2 48. Qxg2 Bf4+ 49. Kf3 Qe3# 0-1

[Event "4NCL 2017-18"]
[Site "England ENG"]
[Date "2018.03.17"]
[Round "7.24"]
[White "Longson, Alexander"]
[Black "Stewart, Ashley"]
[Result "1/2-1/2"]
[WhiteTitle "FM"]
[WhiteElo "2331"]
[BlackElo "2166"]
[WhiteTeam "3Cs"]
[BlackTeam "The ADs"]
[WhiteFideId "408093"]
[BlackFideId "419001"]
[EventDate "2017.11.11"]

1. e4 c5 2. Nf3 g6 3. c3 d5 4. exd5 Qxd5 5. d4 Bg7 6. Na3 cxd4 7. Bc4 Qe4+ 8.
Be3 Nh6 9. cxd4 O-O 10. O-O Bg4 11. Bxh6 Bxh6 12. Re1 Bxf3 13. Rxe4 Bxd1 14.
Rxd1 Bg5 15. Bd5 Nc6 16. Bxc6 bxc6 17. Nc4 Rfd8 18. b4 Rd5 19. Ne5 Rc8 20. g3
Bf6 21. Rc1 Bxe5 22. Rxe5 Rxe5 23. dxe5 Rb8 24. Rxc6 Rxb4 25. Ra6 Re4 26. f4 Re2
27. Rxa7 g5 28. Kf1 Rxh2 29. f5 h5 30. Rxe7 Rxa2 31. f6 Ra3 32. Kg2 Re3 33. Kf2
Re4 34. Kf3 Re1 35. Kf2 Re4 36. Kf3 1/2-1/2

[Event "4NCL 2017-18"]
[Site "England ENG"]
[Date "2018.03.17"]
[Round "7.25"]
[White "Bellin, Jana M"]
[Black "Ashton, Adam G"]
[Result "0-1"]
[WhiteTitle "WGM"]
[BlackTitle "FM"]
[WhiteElo "2046"]
[BlackElo "2364"]
[WhiteTeam "The ADs"]
[BlackTeam "3Cs"]
[WhiteFideId "402168"]
[BlackFideId "410110"]
[EventDate "2017.11.11"]

1. d4 d5 2. Nf3 Nf6 3. c4 e6 4. cxd5 exd5 5. Nc3 c6 6. Bg5 Be7 7. e3 Bf5 8. Nh4
Be6 9. Bd3 h6 10. Bxf6 Bxf6 11. Nf5 g6 12. Ng3 Bg7 13. Qc2 O-O 14. O-O Nd7 15.
b4 Qe7 16. Na4 b5 17. Nc5 Nxc5 18. bxc5 a5 19. Rfe1 Rfe8 20. Ne2 Bd7 21. Rad1 h5
22. Qd2 Bh6 23. Nc3 Qf6 24. Be2 Kh8 25. Bf3 Rad8 26. Ne2 a4 27. a3 Bf5 28. Ng3
Bc8 29. h3 Bxh3 30. Bxh5 gxh5 31. gxh3 h4 32. Nh1 Qf3 33. Kh2 f5 34. Qe2 Bf4+
35. Kg1 Rg8+ 36. Ng3 Qxe2 37. Rxe2 Bc7 0-1

[Event "4NCL 2017-18"]
[Site "England ENG"]
[Date "2018.03.17"]
[Round "7.26"]
[White "Guichard, Pauline"]
[Black "Ahluwalia, Amardip"]
[Result "1-0"]
[WhiteTitle "WGM"]
[WhiteElo "2303"]
[BlackElo "2019"]
[WhiteTeam "3Cs"]
[BlackTeam "The ADs"]
[WhiteFideId "639370"]
[BlackFideId "437085"]
[EventDate "2017.11.11"]

1. d4 Nf6 2. Bf4 g6 3. Nc3 d5 4. e3 Bg7 5. h4 c5 6. Nb5 Na6 7. c3 O-O 8. Bd3 Bd7
9. a4 Qc8 10. Be5 Bf5 11. Ne2 Bxd3 12. Qxd3 cxd4 13. exd4 Ne4 14. Bxg7 Kxg7 15.
h5 Nf6 16. hxg6 hxg6 17. Qe3 Rh8 18. O-O-O Qd7 19. Qe5 Rad8 20. Nf4 Nb8 21. Nxa7
Qxa4 22. Qxe7 Qa6 23. Rhe1 Ne4 24. Qe5+ Nf6 25. Qe7 Ne4 26. Nb5 Rhe8 27. Qb4 Nc6
28. Qb3 Na5 29. Qa4 Qf6 30. Nd3 Nc4 31. Nc7 Re7 32. Nxd5 Qg5+ 33. N5f4 b5 34.
Qb4 Rde8 35. Kc2 Nxf2 36. Rxe7 Rxe7 37. Nxf2 Ne3+ 38. Kb3 Nxd1 39. Nxd1 Re1 40.
Nf2 Rc1 41. N2d3 Rf1 42. d5 Qf5 43. d6 Qg4 44. Qd4+ Kh7 45. Ne5 1-0

[Event "4NCL 2017-18"]
[Site "England ENG"]
[Date "2018.03.17"]
[Round "7.27"]
[White "Walsh, Marcus"]
[Black "Reeve, Andy K"]
[Result "1/2-1/2"]
[WhiteElo "2172"]
[BlackElo "2088"]
[WhiteTeam "The ADs"]
[BlackTeam "3Cs"]
[WhiteFideId "452858"]
[BlackFideId "437255"]
[EventDate "2017.11.11"]

1. e4 d6 2. d4 Nf6 3. Nc3 c6 4. Nf3 Bg4 5. Be3 e6 6. Qd2 d5 7. Ne5 dxe4 8. Nxg4
Nxg4 9. Nxe4 Nxe3 10. Qxe3 Nd7 11. Bd3 Be7 12. O-O Nf6 13. Nxf6+ Bxf6 14. c3 1/2-1/2

[Event "4NCL 2017-18"]
[Site "England ENG"]
[Date "2018.03.17"]
[Round "7.28"]
[White "Walton, Alan J"]
[Black "Stockwell, Mark B"]
[Result "1-0"]
[WhiteTitle "CM"]
[WhiteElo "2154"]
[BlackElo "1987"]
[WhiteTeam "3Cs"]
[BlackTeam "The ADs"]
[WhiteFideId "409898"]
[BlackFideId "471054"]
[EventDate "2017.11.11"]

1. d4 d5 2. c4 e6 3. Nc3 Nf6 4. cxd5 exd5 5. Bg5 c6 6. Qc2 Be7 7. e3 Nbd7 8. Bd3
h6 9. Bh4 Nh5 10. Bxe7 Qxe7 11. O-O-O Nb6 12. h3 Bd7 13. Nf3 O-O-O 14. Ne5 Kb8
15. Kb1 Nf6 16. Na4 Nxa4 17. Qxa4 Ne8 18. Rc1 Nd6 19. Qb4 Ka8 20. Rc3 Rhe8 21.
Rhc1 Ne4 22. Qa5 Nxc3+ 23. Rxc3 Bc8 24. Ra3 a6 25. Nxc6 bxc6 26. Bxa6 Bxa6 27.
Qxa6+ Kb8 28. Rb3+ Kc7 29. Rb7+ Kd6 30. Rxe7 Rxe7 31. Qb6 Rc8 32. Qc5+ Kd7 33.
Qc2 Ree8 34. Qh7 Rg8 35. f3 1-0

[Event "4NCL 2017-18"]
[Site "England ENG"]
[Date "2018.03.17"]
[Round "7.31"]
[White "Tan, Justin2"]
[Black "Wells, Peter K"]
[Result "1/2-1/2"]
[WhiteTitle "IM"]
[BlackTitle "GM"]
[WhiteElo "2485"]
[BlackElo "2418"]
[WhiteTeam "Oxford"]
[BlackTeam "White Rose"]
[WhiteFideId "3206882"]
[BlackFideId "400327"]
[EventDate "2017.11.11"]

1. e4 c6 2. d4 d5 3. Nc3 dxe4 4. Nxe4 Nd7 5. Ng5 Ngf6 6. Bd3 e6 7. N1f3 Bd6 8.
Qe2 h6 9. Ne4 Nxe4 10. Qxe4 Qc7 11. Bd2 1/2-1/2

[Event "4NCL 2017-18"]
[Site "England ENG"]
[Date "2018.03.17"]
[Round "7.32"]
[White "Alsina Leal, Daniel"]
[Black "Eckersley-Waites, Tom"]
[Result "1-0"]
[WhiteTitle "GM"]
[BlackTitle "FM"]
[WhiteElo "2487"]
[BlackElo "2302"]
[WhiteTeam "White Rose"]
[BlackTeam "Oxford"]
[WhiteFideId "2252627"]
[BlackFideId "412449"]
[EventDate "2017.11.11"]

1. e4 c5 2. Nf3 Nc6 3. Nc3 Nf6 4. Bb5 Qc7 5. O-O Nd4 6. Re1 a6 7. Bf1 d6 8. Nxd4
cxd4 9. Nd5 Qc6 10. c4 e5 11. f4 Be7 12. b4 Nxd5 13. exd5 Qb6 14. fxe5 O-O 15.
exd6 Bf6 16. Bd3 Bd7 17. Qh5 h6 18. a3 Qxd6 19. c5 Qc7 20. d6 Qc8 21. Bb2 a5 22.
b5 Bg5 23. Qf3 Qxc5 24. Qxb7 Qxd6 25. Qe4 g6 26. Qxd4 Qxd4+ 27. Bxd4 Bxd2 28.
Red1 Bf4 29. g3 Bg5 30. h4 Be7 31. Be3 Rfd8 32. Bf1 Bf6 33. Rac1 Bb2 34. Rb1 Be5
35. Bg2 Bg4 36. Rdc1 Rab8 37. Ba7 Bxg3 38. Bxb8 Bxb8 39. b6 Bf4 40. Rf1 g5 41.
Rxf4 gxf4 42. b7 Rb8 43. Be4 Be2 44. Rb6 Kg7 45. Kf2 f3 46. h5 1-0

[Event "4NCL 2017-18"]
[Site "England ENG"]
[Date "2018.03.17"]
[Round "7.33"]
[White "Wu, Christopher"]
[Black "Adair, James R"]
[Result "0-1"]
[WhiteTitle "FM"]
[BlackTitle "IM"]
[WhiteElo "2340"]
[BlackElo "2486"]
[WhiteTeam "Oxford"]
[BlackTeam "White Rose"]
[WhiteFideId "2040875"]
[BlackFideId "406252"]
[EventDate "2017.11.11"]

1. e4 c5 2. Nf3 d6 3. d4 cxd4 4. Nxd4 Nf6 5. Nc3 a6 6. h3 e5 7. Nde2 h5 8. Bg5
Be6 9. Ng3 Nbd7 10. Be2 Qb6 11. O-O h4 12. Nf5 d5 13. Nxh4 dxe4 14. Bg4 Nxg4 15.
hxg4 Qc6 16. Re1 Bb4 17. Nf5 Bxf5 18. gxf5 Bxc3 19. bxc3 f6 20. Bc1 O-O-O 21.
Qe2 g6 22. Qxe4 Qxe4 23. Rxe4 Nc5 24. Re1 gxf5 25. Ba3 Ne4 26. f3 Nxc3 27. Be7
Rd2 28. Bxf6 Rg8 29. Bxe5 Rdxg2+ 30. Kh1 Ne2 31. Rad1 Rf2 32. Rf1 Ng3+ 33. Bxg3
Rxf1+ 34. Rxf1 Rxg3 35. a4 f4 36. Re1 Rxf3 37. Re4 Rc3 38. Rxf4 Rxc2 39. Kg1 Kc7
40. Kf1 b5 41. axb5 axb5 42. Ke1 Kb6 43. Kd1 Rc5 44. Kd2 Ka5 45. Rf1 Ka4 46.
Ra1+ Kb3 47. Rb1+ Ka2 48. Rb4 Ka3 49. Rb1 b4 50. Ra1+ Kb2 51. Ra4 Rd5+ 52. Ke2
b3 53. Ra8 Kb1 54. Rb8 b2 55. Rc8 Ra5 0-1

[Event "4NCL 2017-18"]
[Site "England ENG"]
[Date "2018.03.17"]
[Round "7.34"]
[White "McNab, Colin A"]
[Black "Asenov, Pavel"]
[Result "1/2-1/2"]
[WhiteTitle "GM"]
[WhiteElo "2416"]
[BlackElo "2149"]
[WhiteTeam "White Rose"]
[BlackTeam "Oxford"]
[WhiteFideId "2400030"]
[BlackFideId "433705"]
[EventDate "2017.11.11"]

1. c4 e5 2. Nc3 Nf6 3. Nf3 Nc6 4. a3 g6 5. g3 d5 6. d4 exd4 7. Nxd4 dxc4 8. Nxc6
Qxd1+ 9. Nxd1 bxc6 10. Bg2 Nd5 11. Ne3 Be6 12. Nxc4 Bg7 13. Na5 Bd7 14. O-O Rb8
15. Rd1 Rb5 16. Nc4 Nb6 17. a4 Rc5 18. Ne3 Ra5 19. Rd3 Rxa4 20. Rxa4 Nxa4 21.
Nc4 Nb6 22. Na5 c5 23. b3 O-O 24. Ba3 Re8 25. Bxc5 Bb5 1/2-1/2

[Event "4NCL 2017-18"]
[Site "England ENG"]
[Date "2018.03.17"]
[Round "7.35"]
[White "Claridge-Hansen, William"]
[Black "Gourlay, Iain"]
[Result "1/2-1/2"]
[WhiteTitle "FM"]
[BlackTitle "FM"]
[WhiteElo "2276"]
[BlackElo "2369"]
[WhiteTeam "Oxford"]
[BlackTeam "White Rose"]
[WhiteFideId "422509"]
[BlackFideId "2401533"]
[EventDate "2017.11.11"]

1. c4 e6 2. g3 d5 3. Bg2 Nf6 4. Nf3 dxc4 5. Qa4+ Bd7 6. Qxc4 c5 7. Ne5 Qc8 8.
Qd3 Nc6 9. Nxd7 Nxd7 10. Qb3 Be7 11. O-O O-O 12. d3 Rb8 13. Be3 Nd4 14. Bxd4
cxd4 15. Nd2 Nc5 16. Qc4 Qd7 17. Nb3 Nxb3 18. Qxb3 Rfc8 19. Rfc1 Bg5 20. f4 Be7
21. Bf3 b6 22. Kg2 g6 23. Qd1 Qb5 24. Rxc8+ Rxc8 25. Rc1 Rxc1 1/2-1/2

[Event "4NCL 2017-18"]
[Site "England ENG"]
[Date "2018.03.17"]
[Round "7.36"]
[White "Chow, Samuel"]
[Black "Rose, Matthew"]
[Result "0-1"]
[WhiteTitle "FM"]
[WhiteElo "2306"]
[BlackElo "2249"]
[WhiteTeam "White Rose"]
[BlackTeam "Oxford"]
[WhiteFideId "3202992"]
[BlackFideId "407941"]
[EventDate "2017.11.11"]

1. Nf3 c5 2. g3 g6 3. c3 b6 4. d4 Bb7 5. Bg2 Nf6 6. a4 Bg7 7. a5 O-O 8. O-O d6
9. Re1 cxd4 10. cxd4 bxa5 11. Nbd2 Nc6 12. Nc4 Rc8 13. Qa4 Nb4 14. Nxa5 Bxf3 15.
Bxf3 Nc2 16. Nc6 Rxc6 17. Bxc6 Nxe1 18. Kf1 Qc8 19. Kxe1 Qh3 20. Bf3 Qxh2 21.
Be3 e5 22. Kd2 Bh6 23. Rh1 Bxe3+ 24. Kxe3 Ng4+ 25. Kd2 Qxf2 26. Bxg4 Qxg3 27.
Bf3 Qf4+ 28. Kd3 Rb8 29. b3 exd4 30. Kc2 Rc8+ 31. Kb1 Qf5+ 32. Ka1 d3 33. Qe4
Qa5+ 34. Kb1 d2 35. Qd5 Qc3 36. Be4 Rc5 37. Qa8+ Kg7 38. Qxa7 Qxb3+ 0-1

[Event "4NCL 2017-18"]
[Site "England ENG"]
[Date "2018.03.17"]
[Round "7.37"]
[White "Manley, Jon P"]
[Black "Townsend, M Paul"]
[Result "0-1"]
[WhiteElo "2149"]
[BlackElo "2216"]
[WhiteTeam "Oxford"]
[BlackTeam "White Rose"]
[WhiteFideId "403296"]
[BlackFideId "402320"]
[EventDate "2017.11.11"]

1. e4 e6 2. d4 d5 3. Nc3 Bb4 4. e5 c5 5. a3 Bxc3+ 6. bxc3 Qc7 7. Qg4 f5 8. Qg3
cxd4 9. cxd4 Ne7 10. Bd2 O-O 11. Bd3 b6 12. Ne2 Ba6 13. Nf4 Qd7 14. h4 Bxd3 15.
Qxd3 Rc8 16. h5 Rc4 17. h6 g6 18. c3 Nbc6 19. Qg3 Kh8 20. Qg5 Rf8 21. O-O Na5
22. Rfb1 Rc6 23. a4 Nc4 24. Bc1 Ng8 25. Ne2 Rfc8 26. Qg3 Na5 27. Bg5 Rc4 28. Qh4
Rf8 29. Rb4 Qf7 30. Rab1 Rfc8 31. Qg3 R4c7 32. Ra1 Ne7 33. Qh4 Nec6 34. Rbb1 Nc4
35. Ra2 Kg8 36. Qg3 Nd8 37. Qh4 Nc6 38. Qg3 Kf8 39. Re1 N4a5 40. Ra3 Nc4 41. Ra2
N4a5 42. Nf4 Ne7 43. Re3 Nc4 44. Rd3 Rb7 45. Bf6 Nc6 46. Qg5 Ne7 47. Rh3 Kg8 48.
g4 fxg4 49. Qxg4 Nf5 50. Kh2 Rbc7 51. Re2 Na5 52. f3 Nc6 53. Nxg6 Qxg6 54. Qf4
Kf8 55. Rg2 Qf7 56. Rg7 Nxg7 57. hxg7+ Ke8 58. Rxh7 Ne7 59. g8=Q+ Qxg8 60. Rh8
Qxh8+ 61. Bxh8 Nf5 62. Bf6 Rh7+ 63. Kg1 Rxc3 64. Qg5 Kf7 65. Bh8 0-1

[Event "4NCL 2017-18"]
[Site "England ENG"]
[Date "2018.03.17"]
[Round "7.38"]
[White "Maroroa, Sue"]
[Black "Varney, Zoe"]
[Result "1/2-1/2"]
[WhiteTitle "WIM"]
[WhiteElo "2104"]
[BlackElo "2003"]
[WhiteTeam "White Rose"]
[BlackTeam "Oxford"]
[WhiteFideId "4301498"]
[BlackFideId "436135"]
[EventDate "2017.11.11"]

1. e4 e5 2. Nf3 Nc6 3. d4 exd4 4. Nxd4 Bc5 5. Nxc6 Qf6 6. Qf3 bxc6 7. Nd2 d6 8.
Nb3 Bb6 9. a4 a5 10. Bd2 Qxf3 11. gxf3 Ne7 12. Rg1 O-O 13. Be3 Bxe3 14. fxe3 f5
15. e5 f4 16. exd6 cxd6 17. O-O-O d5 18. e4 dxe4 19. Bc4+ Kh8 20. fxe4 Ng6 21.
Rg5 f3 22. Nxa5 f2 23. b3 c5 24. Rxc5 Bg4 25. Rf1 Bh3 26. Rd1 Bg4 27. Rf1 Bh3
28. Rd1 1/2-1/2

[Event "4NCL 2017-18"]
[Site "England ENG"]
[Date "2018.03.17"]
[Round "7.41"]
[White "Sowray, Peter J"]
[Black "Roberson, Peter T"]
[Result "1-0"]
[WhiteTitle "FM"]
[BlackTitle "IM"]
[WhiteElo "2365"]
[BlackElo "2410"]
[WhiteTeam "Barbican 4NCL"]
[BlackTeam "Grantham Sharks"]
[WhiteFideId "400971"]
[BlackFideId "412384"]
[EventDate "2017.11.11"]

1. d4 e6 2. c4 Nf6 3. Nc3 Bb4 4. e3 O-O 5. Ne2 Re8 6. a3 Bf8 7. Ng3 d5 8. Be2 b6
9. O-O Bb7 10. b3 c5 11. dxc5 bxc5 12. Bf3 Nc6 13. cxd5 Ne5 14. dxe6 Nxf3+ 15.
gxf3 Rxe6 16. e4 Ba6 17. Re1 Nd7 18. Bf4 Qh4 19. Nd5 Rd8 20. Nf5 Qh3 21. Bc7
Rg6+ 22. Bg3 Rxg3+ 23. hxg3 Ne5 24. Re3 Kh8 25. Qc2 g5 26. Qc3 f6 27. Nxf6 Nc6
28. Nd7+ Nd4 29. Nxf8 Kg8 30. Qxc5 Ne2+ 31. Rxe2 Bxe2 32. Qe7 Bxf3 33. Qg7# 1-0

[Event "4NCL 2017-18"]
[Site "England ENG"]
[Date "2018.03.17"]
[Round "7.42"]
[White "Ghasi, Ameet K"]
[Black "Jackson, James P"]
[Result "1-0"]
[WhiteTitle "IM"]
[BlackTitle "FM"]
[WhiteElo "2483"]
[BlackElo "2364"]
[WhiteTeam "Grantham Sharks"]
[BlackTeam "Barbican 4NCL"]
[WhiteFideId "409200"]
[BlackFideId "416860"]
[EventDate "2017.11.11"]

1. Nf3 Nf6 2. g3 d5 3. Bg2 e6 4. O-O c5 5. d3 Nc6 6. Nbd2 Be7 7. e4 O-O 8. Re1
b5 9. e5 Nd7 10. Nf1 Bb7 11. h4 Qc7 12. Bf4 Rfc8 13. Ne3 Qd8 14. Bh3 Nf8 15. h5
h6 16. c4 bxc4 17. dxc4 d4 18. Ng4 Nh7 19. Bg2 Ng5 20. Nd2 a5 21. Bxg5 Bxg5 22.
Ne4 Be7 23. Qd2 Ra7 24. f4 a4 25. Ngf2 Rb8 26. Bf1 Ba8 27. Nd3 Qa5 28. Qf2 Nb4
29. Rad1 Nxa2 30. f5 Bxe4 31. Rxe4 Bg5 32. fxe6 fxe6 33. Bh3 Re8 34. Rf1 Qb6 35.
Nf4 Rf7 36. Qc2 Qc6 37. Re2 Bxf4 38. gxf4 Nb4 39. Qg6 d3 40. Ref2 Nc2 41. f5 Nd4
42. Bg2 Qc8 43. f6 Nf5 44. Rxf5 exf5 45. Bd5 Re6 46. Qxf5 1-0